Normal view MARC view
  • American Automobile Association

Entry Corporate Name

Number of records used in: 1

001 - CONTROL NUMBER

  • control field: 111446

003 - CONTROL NUMBER IDENTIFIER

  • control field: NUST

005 - DATE AND TIME OF LATEST TRANSACTION

  • control field: 20230327114123.0

008 - FIXED-LENGTH DATA ELEMENTS

  • fixed length control field: 230327|| aca||aabn | a|a d

040 ## - CATALOGING SOURCE

  • Original cataloging agency: NUST
  • Transcribing agency: NUST

110 ## - HEADING--CORPORATE NAME

  • Corporate name or jurisdiction name as entry element: American Automobile Association

670 ## - SOURCE DATA FOUND

  • Source citation: Work cat.: (NUST)183738: Editor D. Eugene Gilmore Paul arrell 111445, Sportsmanlike driving /, [1975]
© 2023 Central Library, National University of Sciences and Technology. All Rights Reserved.